书目信息 |
| 题名: |
徐霞客游记选译
|
|
| 作者: | 徐霞客 著 ;周晓薇 译注 | |
| 分册: | ||
| 出版信息: | 成都 巴蜀书社 1991.10 |
|
| 页数: | 247页 | |
| 开本: | 19cm | |
| 丛书名: | 古代文史名著选译丛书 | |
| 单 册: | ||
| 中图分类: | K928.9 , I211 | |
| 科图分类: | ||
| 主题词: | 游记--中国--明代 , 游记 , 历史地理--中国 , 历史地理 , 文学--作品集--中国 | |
| 电子资源: | ||
| ISBN: | 7-80523-358-6 | |
| 000 | 00939oam2 2200325 450 | |
| 001 | 1531592301 | |
| 005 | 20150125084743.17 | |
| 010 | @a7-80523-358-6 | |
| 100 | @a19920528d1991 em y0chiy0110 ea | |
| 101 | 0 | @achi |
| 102 | @aCN@b510000 | |
| 105 | @af z 000cy | |
| 200 | 1 | @a徐霞客游记选译@9xu xia ke you ji xuan yi@f(明)徐霞客著@g周晓薇等译注 |
| 210 | @a成都@c巴蜀书社@d1991.10 | |
| 215 | @a247页@c插图@d19cm | |
| 225 | 2 | @a古代文史名著选译丛书@i宋元明清@f章培恒等主编 |
| 300 | @a国家教委古籍整理“七·五”规划重点项目 | |
| 461 | 0 | @12001 @a古代文史名著选译丛书 |
| 462 | 0 | @12001 @a宋元明清 |
| 606 | 0 | @a游记@y中国@z明代 |
| 606 | 0 | @a游记 |
| 606 | 0 | @a历史地理@y中国 |
| 606 | 0 | @a历史地理 |
| 606 | 0 | @a文学@x作品集@x中国 |
| 690 | @aK928.9@v三版 | |
| 690 | @aI211@v4 | |
| 701 | 0 | @a徐霞客@9xu xia ke@4著 |
| 702 | 0 | @a周晓薇@9zhou xiao wei@4译注 |
| 801 | 0 | @aCN@bTSSF@c20150125 |
| 905 | @aZUCC@dI211@eJY100 | |
| 徐霞客游记选译/(明)徐霞客著/周晓薇等译注.-成都:巴蜀书社,1991.10 |
| 247页:插图;19cm.-(古代文史名著选译丛书.宋元明清/章培恒等主编) |
| 国家教委古籍整理“七·五”规划重点项目 |
| ISBN 7-80523-358-6: |
| ● |
| 相关链接 |
|
|
|
|
正题名:徐霞客游记选译
索取号:I211/JY100
 
预约/预借
| 序号 | 登录号 | 条形码 | 馆藏地/架位号 | 状态 | 备注 |
| 1 | 7854002 | 278540027 | 学院路分馆/ [索取号:I211/JY100] | 在馆 | |
| 2 | 7854003 | 278540036 | 学院路分馆/ [索取号:I211/JY100] | 在馆 |